000
00290nam a22001337a 4500
008
190227b xxu||||| |||| 00| 0 eng d
020
_a
9780536123954
041
_a
eng
080
_a
371
100
_a
25
101
_a
EDU
245
_a
The Curious Writer
_c
Ballenger, B
942
_2
udc
_c
BK
999
_c
54363
_d
54363